| 000 | 00357nam a2200145Ia 4500 | ||
|---|---|---|---|
| 008 | 191201s2019 xx 000 0 und d | ||
| 082 | _a615.19 KAP | ||
| 100 | _aKASTURE,A.V | ||
| 245 | 0 | _aPharmaceutical Chemistry- II | |
| 260 |
_bNirali _aNew delhi _c2019 |
||
| 300 | _a373 | ||
| 650 | _aMedicinal Chemistry | ||
| 700 | _aWADODKAR, S.G | ||
| 942 |
_2ddc _cBK |
||
| 999 |
_c8289 _d8289 |
||